| 000 | 01045nam a22002415i 4500 | ||
|---|---|---|---|
| 001 | 154393 | ||
| 003 | ES-MaACL | ||
| 005 | 20230906205716.0 | ||
| 008 | 970312s1598 sp |||| | lat d | ||
| 080 | _a347(460.18)"1505" | ||
| 100 | 1 |
_aGómez Cornejo, Diego. _957874 |
|
| 245 | 1 | 0 |
_aAdditiones ad commentaria doctissimi Antonii Gometii in leges Tauri / _cper ... Diegum Gometium Cornejo. |
| 260 |
_aSalmanticae : _bapud Ioannem & Andream Renaut, fratres : _bexpensis Didaci Cadima de la Torre, _c1598. |
||
| 300 |
_a[4], 107, [4] p. en blanco ; _cFol. |
||
| 530 | _aDisponible en formato digital. | ||
| 597 | _aSign.: [calderón]2, A8-G8. | ||
| 597 | _aTexto a dos col. | ||
| 597 | _aEsc. xil. en port. | ||
| 610 | 1 | 4 |
_aCastilla (Reino). _tLeyes de Toro, 1505. _9155910 |
| 650 | 4 |
_aDerecho civil- _zCastilla (Reino) _911658 |
|
| 852 | 4 |
_aES-MaACL _jR-2084(2) _z- Enc. perg. _z- Falta desde la p. 107 _x- Olim: G-2999. |
|
| 856 | 4 |
_uhttp://hdl.handle.net/10481/9665 _zFondo bibliográfico histórico de la Universidad de Granada |
|
| 999 |
_c154393 _d154393 |
||